| 000 | 00582nam a2200217 a 4500 | ||
|---|---|---|---|
| 999 |
_c5245 _d5245 |
||
| 001 | 5245 | ||
| 003 | BD-JhCC | ||
| 005 | 20171211165132.0 | ||
| 008 | 171211s1975 bg |||| ||a| 000 0 eng d | ||
| 035 | _a(BD-JhCC)5245 | ||
| 040 |
_aBD-JhCC _dBD-JhCC |
||
| 041 | _aeng | ||
| 082 |
_a330.95414 _bAHM 1975 |
||
| 100 | _aAhmad, Nafis | ||
| 245 |
_aA New Economic Geography Of Bangladesh / _cNafis Ahmad |
||
| 260 |
_aNew Delhi : _bVikas Publishing House Pvt Ltd, _c1975. |
||
| 300 |
_a247 p. : _c21 cm. |
||
| 650 |
_aEconomic History _zBangladesh |
||
| 942 |
_2ddc _cBK |
||